e-Learning cookbook. TPACK in professional development in higher education (Record no. 93156)

MARC details
000 -LEADER
fixed length control field 02548nam a2200253Ii 4500
008 - FIXED-LENGTH DATA ELEMENTS--GENERAL INFORMATION
fixed length control field 221202s xx 000 0 und d
100 1# - MAIN ENTRY--PERSONAL NAME
Personal name Brouwer, Natasa,
Relator term author
245 #0 - TITLE STATEMENT
Title e-Learning cookbook. TPACK in professional development in higher education
264 ## - PRODUCTION, PUBLICATION, DISTRIBUTION, MANUFACTURE, AND COPYRIGHT NOTICE
Name of producer, publisher, distributor, manufacturer Amsterdam University Press
Date of production, publication, distribution, manufacture, or copyright notice 2013
300 ## - PHYSICAL DESCRIPTION
Extent 1 online resource (128 pages)
336 ## - CONTENT TYPE
Content type term text
Content type code txt
Source rdacontent
337 ## - MEDIA TYPE
Media type term computer
Media type code c
Source rdamedia
338 ## - CARRIER TYPE
Carrier type term online resource
Carrier type code cr
Source rdacarrier
520 ## - SUMMARY, ETC.
Summary, etc. Information and communication technology (ICT) makes it possible to bring information to everyone who wants to learn. Rapid advances in technology offer strong support for using ICT in teaching. Online education can intensify and improve students' learning process, and enables us to reach more students than by traditional means. The number of courses and modules being offered online is increasing rapidly worldwide. Although online education can reach more people nowadays and new and challenging learning experiences can be created with it, in the average university course the digital dimension too often remains limited to simply publishing the existing face-to-face course content online. It is crucial that lecturers have and can obtain knowledge about how to design technology-enhanced teaching. Technical advances can be expected to continue in the future, and those who wish to implement educational technology in their own teaching practice must reckon on becoming lifelong learners. This fits the culture of academic teachers perfectly: they are already lifelong learners and creators of new knowledge within their discipline. This book is based on the notion that a lecturer who uses ICT in teaching must learn how to apply his or her knowledge about content, pedagogy and technology in an integrated manner. The idea of integrating these three types of knowledge is based on the TPACK model, which stands for Technological Pedagogical Content Knowledge model. The material for this book was developed in a Dutch higher education innovation project known as MARCHET (Make Relevant Choices in Educational Technology, MARCHET, 2009-2011).
653 ## - INDEX TERM--UNCONTROLLED
Uncontrolled term Distance Education
653 ## - INDEX TERM--UNCONTROLLED
Uncontrolled term E-Learning
653 ## - INDEX TERM--UNCONTROLLED
Uncontrolled term Educational Technology
653 ## - INDEX TERM--UNCONTROLLED
Uncontrolled term Higher Education
653 ## - INDEX TERM--UNCONTROLLED
Uncontrolled term Tpack
700 1# - ADDED ENTRY--PERSONAL NAME
Personal name Dekker, Peter J.
700 1# - ADDED ENTRY--PERSONAL NAME
Personal name van der Pol, Jakko
856 ## - ELECTRONIC LOCATION AND ACCESS
Uniform Resource Identifier <a href="https://docs.google.com/spreadsheets/d/1yKIrdCPDAG_9c22mwoOIO2DOhtj65Wqa/edit?usp=sharing&ouid=106555315294820607512&rtpof=true&sd=true ">https://docs.google.com/spreadsheets/d/1yKIrdCPDAG_9c22mwoOIO2DOhtj65Wqa/edit?usp=sharing&ouid=106555315294820607512&rtpof=true&sd=true </a>
Link text List of Curated E-Books
942 ## - ADDED ENTRY ELEMENTS (KOHA)
Koha item type E-Book

No items available.

University of Rizal System
Email us at univlibservices@urs.edu.ph

Visit our Website www.urs.edu.ph/library